Typing is Illegal - Geography - Statistics

General Stats
  • This quiz has been taken 92 times
  • The average score is 1 of 10
Answer Stats
Hint Answer % Correct
How many continents are there?
100%
What continent is Latvia located on?
6%
What country has the highest population density?
3%
What group of countries is Estonia part of? (for example, Scandinavian countries are Norway, Sweden, and Denmark)
3%
What is the capital of Ivory Coast?
3%
What is the third tallest mountain in the world?
0%
The Victoria River flows through which continent?
0%
The Gulf of Khambhat is in what country?
0%
What is the largest oil field ever discovered?
0%
Name a country smaller than Mexico, but larger than Iran.
0%
No matching quizzes found
Score Distribution
Percent of People with Each Score
Percentile by Number Answered
Your Score History
You have not taken this quiz